| 000 | 01946nam0a2200397 4500 | ||
|---|---|---|---|
| 001 | RU\NLR\bibl\1230946 | ||
| 005 | 20260405113221.0 | ||
| 010 |
_a978-5-390-00099-1 _91600 |
||
| 021 |
_aRU _b2008-24112 _91325 |
||
| 035 | _a(NLR Aleph) 001217217 | ||
| 090 |
_a115524 _c115524 |
||
| 100 | _a20080522d2008 |||y0rusy50 ca | ||
| 101 | 0 | _arus | |
| 102 | _aRU | ||
| 105 | _aa ||||||||| | ||
| 200 | 1 |
_aОсновы производства драгоценных металлов, алмазов и ювелирных украшений _eучебное пособие _fИ. С. Алексеев |
|
| 210 |
_aМосква _cКнорус _d2008 |
||
| 215 |
_a600 с. _cил. _d22 |
||
| 313 | _aв т.ч. добыча | ||
| 320 | _aБиблиогр.: с. 554-558 | ||
| 606 | 1 |
_aРуды благородных металлов _jУчебные издания для высших учебных заведений _xДобыча _91546102 _3RU\NLR\auth\66975701 |
|
| 606 | 1 |
_aБлагородные металлы _jУчебные издания для высших учебных заведений _xМеталлургия _92295045 _3RU\NLR\auth\661374297 |
|
| 606 | 1 |
_aАлмазы _jУчебные издания для высших учебных заведений _xДобыча _92081681 _3RU\NLR\auth\661257674 |
|
| 606 | 1 |
_aЮвелирные изделия _jУчебные издания для высших учебных заведений _xПроизводство _91198730 _3RU\NLR\auth\66166884 |
|
| 686 | _aИ333.4я73-1 | ||
| 686 | _aИ347я73-1 | ||
| 686 | _aМ772я73-1 | ||
| 686 | _aК344я73-1 | ||
| 700 | 1 |
_4070 _8rus _7ca _aАлексеев _bИ. С. _cавт. кн. по ювелир. делу _gИван Степанович _3RU\NLR\auth\7743935 _926877 |
|
| 801 | 0 |
_aRU _bNLR _c20080522 _gRCR |
|
| 801 | 1 |
_aRU _bNLR _c20080522 |
|
| 830 | _aавт. по кн | ||
| 942 | _cBOOK | ||
| 980 | _aNB | ||